The feathers and plumage of birds (Record no. 596400)

MARC details
000 -LEADER
fixed length control field 00411nam a2200145Ia 4500
008 - FIXED-LENGTH DATA ELEMENTS--GENERAL INFORMATION
fixed length control field 100415s9999 xx 000 0 und d
082 ## - DEWEY DECIMAL CLASSIFICATION NUMBER
Item number 13484
Classification number 598.2
100 ## - MAIN ENTRY--PERSONAL NAME
Personal name Voitkevich AA
245 ## - TITLE STATEMENT
Title The feathers and plumage of birds
260 ## - PUBLICATION, DISTRIBUTION, ETC. (IMPRINT)
Place of publication, distribution, etc LONDON
Date of publication, distribution, etc 1966
Name of publisher, distributor, etc SIDGWICK & JACKSON
365 ## - TRADE PRICE
Price amount 1935
630 ## - SUBJECT ADDED ENTRY--UNIFORM TITLE
Uniform title The feathers and plumage of birds
730 ## - ADDED ENTRY--UNIFORM TITLE
Uniform title The feathers and plumage of birds
942 ## - ADDED ENTRY ELEMENTS (KOHA)
Koha item type Book
Holdings
Withdrawn status Lost status Damaged status Not for loan Home library Current library Date acquired Cost, normal purchase price Total Checkouts Full call number Barcode Date last seen Price effective from Koha item type
        Bombay Natural History Society Bombay Natural History Society 06/03/1996 1935.00   598.2 13484 BNHS-13484 04/15/2010 04/15/2010 Book